Clinton Counties, Asalak (Map) - Statistics

General Stats
  • This quiz has been taken 2 times
  • The average score is 9 of 102
Answers on the Map
Answers color-coded by a green-red scale on the quiz's map according to % correct below.
 
Answer Stats
County % Correct
Clinton
100%
Boyd
50%
Adams
0%
Allen
0%
Anson
0%
Baker
0%
Belan
0%
Boone
0%
Campbell
0%
Carroll
0%
Clark
0%
Clay
0%
Cook
0%
Crawford
0%
Crawnsoin
0%
Datoin
0%
Decatur
0%
Douglas
0%
Ed
0%
Edmons
0%
Edmonsville
0%
Franklin
0%
Fulton
0%
Garroldes
0%
Grangier
0%
Grant
0%
Halls
0%
Hamilton
0%
Harding
0%
Harold
0%
Hughson
0%
Jackson
0%
James
0%
Jamison
0%
Jefferson
0%
Jeffier
0%
Johnson
0%
Lafayette
0%
Lake
0%
Lawrence
0%
Lee
0%
Leroytown
0%
Lincoln
0%
Marion
0%
Marshall
0%
Monroe
0%
Plim Smirthson/Walker
0%
Polk
0%
Putnam
0%
Randlen
0%
Richard
0%
Ruttlerson
0%
Sewan
0%
Susie
0%
Taylor
0%
Thomason
0%
Union
0%
Warren
0%
Wayne
0%
No matching quizzes found
Score Distribution
Percent of People with Each Score
Percentile by Number Answered
Your Score History
You have not taken this quiz